| 000 | 00284 a2200097 4500 | ||
|---|---|---|---|
| 001 | 35927 | ||
| 100 | _aWray Bill & S B | ||
| 245 | _aWhat Every Engineer Should Know About Microcomputer Systems Design & Debugging | ||
| 260 |
_aNew York _bMareel Deckker Inc _c |
||
| 090 |
_c23477 _d23477 |
||
| 942 |
_aNUST-CAE _cM _c14977 |
||
| 999 |
_c271000 _d271000 |
||